LEADER 01277nam--2200397---450- 001 990002791370203316 005 20060726110758.0 035 $a000279137 035 $aUSA01000279137 035 $a(ALEPH)000279137USA01 035 $a000279137 100 $a20060726d1977----km-y0itay0103----ba 101 $aita 102 $aIT 105 $a||||||||001yy 200 1 $aPrato : Frammentazione e integrazione di un bacino tessile$fBernardo Cori, Gisella Cortesi 210 $aTorino$cFondazione Giovanni Agnelli$dc1977 215 $a62 p.$d23 cm 225 2 $aQuaderni della Fondazione$v17 300 $aSulla cop.: Gestione decentrata dello sviluppo e le imprese minori 410 0$12001$aQuaderni della Fondazione$v17 454 1$12001 461 1$1001-------$12001 500 11$aGestione decentrata dello sviluppo e le imprese minori$916906 606 0 $aIndustria tessile$yPrato 676 $a677.02862 700 1$aCORI,$bBernardo$0560039 701 1$aCORTESI,$bGisella$039605 801 0$aIT$bsalbc$gISBD 912 $a990002791370203316 951 $aP08 908$bDISTRA 959 $aBK 969 $aDISTRA 979 $aDISTRA1$b90$c20060726$lUSA01$h1107 996 $aGestione decentrata dello sviluppo e le imprese minori$916906 997 $aUNISA